Online
Catalog

Lenguaje 2do.. curso, educación primaria : (Record no. 51337)

MARC details
000 -CABECERA
campo de control de longitud fija 01341nam a22002657a 4500
001 - NÚMERO DE CONTROL
campo de control 000017099
003 - IDENTIFICADOR DEL NÚMERO DE CONTROL
campo de control DO-SdBNP
005 - FECHA Y HORA DE LA ÚLTIMA TRANSACCIÓN
campo de control 20240513183244.0
007 - CAMPO FIJO DE DESCRIPCIÓN FÍSICA--INFORMACIÓN GENERAL
campo de control de longitud fija ta
008 - DATOS DE LONGITUD FIJA--INFORMACIÓN GENERAL
campo de control de longitud fija 100317e1977 sp a b 001 0 spa d
040 ## - FUENTE DE LA CATALOGACIÓN
Centro catalogador/agencia de origen DO-SdBNP
Lengua de catalogación spa
Centro/agencia transcriptor BNPHU
082 #4 - NÚMERO DE LA CLASIFICACIÓN DECIMAL DEWEY
Número de clasificación 372.6
Número de documento/Ítem L566p
Número de edición 22
245 00 - MENCIÓN DE TÍTULO
Título Lenguaje 2do.. curso, educación primaria :
Resto del título libro del alumno
Mención de responsabilidad, etc. revisión técnica Margarita Vallejo de Paredes
260 ## - PUBLICACIÓN, DISTRIBUCIÓN, ETC.
Lugar de publicación, distribución, etc. Santo Domingo :
Nombre del editor, distribuidor, etc. Edyca,
Fecha de publicación, distribución, etc. 1977.
300 ## - DESCRIPCIÓN FÍSICA
Extensión 104 p. :
Otras características físicas il. ;
Dimensiones 28 cm.
500 ## - NOTA GENERAL
Nota general El material didáctico para los dos primeros cursos de Educación Primaria (Libros del alumno, cuadernos y guías para el maestro) ha sido creado en el Departamento de Investigaciones Educativas de EDYCA - Editorial Dominicana y del Caribe - utilizando las experiencias, materiales y asesoramiento desarrollados por Educación Santillana en España y Latinoamérica, por el siguiente equipo: Ernestina Grullon, Luisa Maria Altagracia, Argentina Bejaran de Rodriguez, Germecinda LLaverias Colon, Celia Moyano, Ana Silvente.
505 2# - NOTA DE CONTENIDO CON FORMATO
Nota de contenido con formato Guía para el maestro
590 ## - NOTA LOCAL (RLIN)
Nota local Inventariado, 2022 / DG
650 14 - PUNTO DE ACCESO ADICIONAL DE MATERIA--TÉRMINO DE MATERIA
Término de materia o nombre geográfico como elemento de entrada Español
Subdivisión general Enseñanza básica
9 (RLIN) 36379
650 14 - PUNTO DE ACCESO ADICIONAL DE MATERIA--TÉRMINO DE MATERIA
Término de materia o nombre geográfico como elemento de entrada Español
Subdivisión general Enseñanza elemental
9 (RLIN) 80031
650 44 - PUNTO DE ACCESO ADICIONAL DE MATERIA--TÉRMINO DE MATERIA
Término de materia o nombre geográfico como elemento de entrada Español
Subdivisión general Libros textos
9 (RLIN) 80032
650 40 - PUNTO DE ACCESO ADICIONAL DE MATERIA--TÉRMINO DE MATERIA
Término de materia o nombre geográfico como elemento de entrada Educación primaria
9 (RLIN) 1420
910 ## - DATOS DE OPCIÓN DEL USUARIO (OCLC)
Datos de opción del usuario DG
942 ## - ELEMENTOS DE PUNTO DE ACCESO ADICIONAL (KOHA)
Fuente del sistema de clasificación o colocación Dewey Decimal Classification
Tipo de ítem Koha Libro
Holdings
Estado de retiro Estado de pérdida Fuente del sistema de clasificación o colocación Restricciones de uso No para préstamo Código de colección Localización permanente Ubicación/localización actual Ubicación en estantería Total de préstamos Signatura topográfica completa Código de barras Fecha visto por última vez Precio válido a partir de Tipo de ítem Koha Número de copia
    Dewey Decimal Classification Excluido de préstamo   Monografías: Libros y Folletos Biblioteca Nacional Pedro Henríquez Ureña Patrimonio Dominicano En catalogación   BNPHU PD 372.6 L566p 2022-0580 04.02.2022 04.02.2022 Libro  
    Dewey Decimal Classification Excluido de préstamo   Monografías: Libros y Folletos Biblioteca Nacional Pedro Henríquez Ureña Patrimonio Dominicano En catalogación   BNPHU PD 372.6 L566p 2022-0581 04.02.2022 04.02.2022 Libro e.2

Powered by Koha